000 00336nam a22001457a 4500
008 221206b ||||| |||| 00| 0 eng d
020 _a978145575668
041 _aeng
080 _220EDITION
_a616.053
082 _a616.053KLI
100 _a14.2
101 _aPEDI
245 _aTEXTBOOL OF PEDIATRICS
_cKLIGEMAN
942 _2udc
_cBK
999 _c59115
_d59115